<?xml version="1.0" encoding="UTF-8"?>
<record
    xmlns:xsi="http://www.w3.org/2001/XMLSchema-instance"
    xsi:schemaLocation="http://www.loc.gov/MARC21/slim http://www.loc.gov/standards/marcxml/schema/MARC21slim.xsd"
    xmlns="http://www.loc.gov/MARC21/slim">

  <leader>00769    a2200265   4500</leader>
  <controlfield tag="003">CBULib</controlfield>
  <controlfield tag="005">20251013075552.0</controlfield>
  <controlfield tag="008">251013b        |||||||| |||| 00| 0 eng d</controlfield>
  <datafield tag="020" ind1=" " ind2=" ">
    <subfield code="a">9780674088702</subfield>
  </datafield>
  <datafield tag="040" ind1=" " ind2=" ">
    <subfield code="b">English</subfield>
    <subfield code="c">CBULib</subfield>
    <subfield code="e">rda</subfield>
  </datafield>
  <datafield tag="041" ind1=" " ind2=" ">
    <subfield code="a">eng</subfield>
  </datafield>
  <datafield tag="050" ind1=" " ind2=" ">
    <subfield code="a">BP 171.5 Har</subfield>
  </datafield>
  <datafield tag="100" ind1=" " ind2=" ">
    <subfield code="a">Harris, Sam</subfield>
  </datafield>
  <datafield tag="245" ind1=" " ind2=" ">
    <subfield code="a">Islam and the future of tolerance : a dialogue</subfield>
    <subfield code="c">/ by Sam Harris and Maajid Nawaz</subfield>
  </datafield>
  <datafield tag="260" ind1=" " ind2=" ">
    <subfield code="b">Harvard University Press,</subfield>
    <subfield code="c">2015</subfield>
    <subfield code="a">London : </subfield>
  </datafield>
  <datafield tag="300" ind1=" " ind2=" ">
    <subfield code="a">138 pages </subfield>
  </datafield>
  <datafield tag="336" ind1=" " ind2=" ">
    <subfield code="2">rdacontent</subfield>
    <subfield code="a">Text |</subfield>
    <subfield code="b">txt</subfield>
  </datafield>
  <datafield tag="337" ind1=" " ind2=" ">
    <subfield code="2">rdamedia</subfield>
    <subfield code="a">Unmediated |</subfield>
    <subfield code="b">n</subfield>
  </datafield>
  <datafield tag="338" ind1=" " ind2=" ">
    <subfield code="2">rdacarrier</subfield>
    <subfield code="a">Volume</subfield>
    <subfield code="b">nc</subfield>
  </datafield>
  <datafield tag="650" ind1=" " ind2="0">
    <subfield code="9">4902</subfield>
    <subfield code="a">TOLERATION</subfield>
  </datafield>
  <datafield tag="650" ind1=" " ind2="0">
    <subfield code="9">4904</subfield>
    <subfield code="a">DIALOGUE</subfield>
  </datafield>
  <datafield tag="650" ind1=" " ind2="0">
    <subfield code="9">4905</subfield>
    <subfield code="a">RELIGIOUS ASPECTS</subfield>
  </datafield>
  <datafield tag="700" ind1=" " ind2=" ">
    <subfield code="9">4906</subfield>
    <subfield code="a">Nawaz, Maajid</subfield>
  </datafield>
  <datafield tag="942" ind1=" " ind2=" ">
    <subfield code="2">lcc</subfield>
    <subfield code="c">002</subfield>
  </datafield>
  <datafield tag="999" ind1=" " ind2=" ">
    <subfield code="c">86472</subfield>
    <subfield code="d">86472</subfield>
  </datafield>
  <datafield tag="952" ind1=" " ind2=" ">
    <subfield code="0">0</subfield>
    <subfield code="1">0</subfield>
    <subfield code="2">lcc</subfield>
    <subfield code="4">0</subfield>
    <subfield code="7">0</subfield>
    <subfield code="8">MC</subfield>
    <subfield code="a">001</subfield>
    <subfield code="b">001</subfield>
    <subfield code="c">GEN</subfield>
    <subfield code="d">2025-10-13</subfield>
    <subfield code="e">DON-BOOKAID</subfield>
    <subfield code="g">26.00</subfield>
    <subfield code="l">0</subfield>
    <subfield code="o">BP 171.5 Har</subfield>
    <subfield code="p">753679</subfield>
    <subfield code="r">2025-10-13</subfield>
    <subfield code="t">1</subfield>
    <subfield code="w">2025-10-13</subfield>
    <subfield code="y">002</subfield>
  </datafield>
  <datafield tag="952" ind1=" " ind2=" ">
    <subfield code="0">0</subfield>
    <subfield code="1">0</subfield>
    <subfield code="2">lcc</subfield>
    <subfield code="4">0</subfield>
    <subfield code="7">0</subfield>
    <subfield code="8">MC</subfield>
    <subfield code="a">001</subfield>
    <subfield code="b">001</subfield>
    <subfield code="c">GEN</subfield>
    <subfield code="d">2025-10-13</subfield>
    <subfield code="e">DON-BOOKAID</subfield>
    <subfield code="g">26.00</subfield>
    <subfield code="l">0</subfield>
    <subfield code="o">BP 171.5 Har</subfield>
    <subfield code="p">753680</subfield>
    <subfield code="r">2025-10-13</subfield>
    <subfield code="t">2</subfield>
    <subfield code="w">2025-10-13</subfield>
    <subfield code="y">002</subfield>
  </datafield>
</record>
